00355nam a22001097a 4500020002200000082001700022100001900039245009200058260007100150300000800221650001600229 a978-93-5148-311-3 a291.172bPON aPongerner, Mar aPeacemaking and Dialogue: Religious Approaches in the Quest for an interfaith Relations aLagalandbClark Center For Peace research and Action (CCPRA)c2018 a174 aInterfaith